[Event "Mittelfrank Regionalliga Nord-Ost 2223"]
[Site "Mittelfranken"]
[Date "2023.03.05"]
[Round "7.4"]
[White "Heimrath, Wolfgang"]
[Black "Doeres, Hans Juergen"]
[Result "1-0"]
[WhiteElo "2128"]
[BlackElo "2122"]
[PlyCount "61"]
[EventDate "2022.10.09"]
[EventType "team-tourn"]
[EventRounds "9"]
[EventCountry "GER"]
[SourceTitle "EXT 2024"]
[Source "ChessBase"]
[SourceDate "2023.10.10"]
[SourceVersion "1"]
[SourceVersionDate "2023.10.10"]
[SourceQuality "1"]
[WhiteTeam "Fuerth SG"]
[BlackTeam "Forchheim SC"]
[WhiteTeamCountry "GER"]
[BlackTeamCountry "GER"]

1. e4 c5 2. c3 Nf6 3. e5 Nd5 4. d4 cxd4 5. Nf3 b6 6. Bc4 Bb7 7. 0-0 e6 8. cxd4 Qc7 9. Bb3 d6 10. Nbd2 Nd7 11. Re1 dxe5 12. Nxe5 Nxe5 13. dxe5 Be7 14. Qg4 0-0 15. Nf3 Rfd8 16. Bh6 g6 17. Bg5 Rac8 18. Qh4 Bxg5 19. Nxg5 h5 20. Ne4 Qe7 21. Qg3 Rc7 22. Bxd5 Bxd5 23. Nf6+ Kf8 24. Qf4 Qc5 25. Rac1 Bc4 26. b3 Rd4 27. Qh6+ Ke7 28. Qg5 Kf8 29. Rxc4 Rxc4 30. bxc4 Qb4 31. Rd1 1-0

[Event "BL2-Ost 1516"]
[Site "Germany"]
[Date "2016.02.20"]
[Round "9.8"]
[White "Wichmann, Cliff"]
[Black "Doeres, Hans Juergen"]
[Result "1/2-1/2"]
[WhiteElo "2329"]
[BlackElo "2197"]
[PlyCount "99"]
[EventDate "2015.09.20"]
[EventType "team-tourn"]
[EventRounds "9"]
[EventCountry "GER"]
[SourceTitle "CBM 171 Extra"]
[Source "ChessBase"]
[SourceDate "2016.04.26"]
[SourceVersion "1"]
[SourceVersionDate "2016.04.26"]
[SourceQuality "1"]
[WhiteTeam "Nickelhuette Aue"]
[BlackTeam "Forchheim"]
[WhiteTeamCountry "GER"]
[BlackTeamCountry "GER"]

1. Nf3 d5 2. e3 Nf6 3. c4 c6 4. Nc3 e6 5. Qc2 Be7 6. b3 0-0 7. Bb2 Nbd7 8. d4 b6 9. Be2 Bb7 10. 0-0 Rc8 11. Rac1 Qc7 12. cxd5 cxd5 13. Bd3 Qb8 14. Qe2 Ne4 15. Rc2 Nxc3 16. Bxc3 Rc7 17. Bb2 Rxc2 18. Qxc2 h6 19. Rc1 Rc8 20. Qd1 Rxc1 21. Qxc1 Qc8 22. Qxc8+ Bxc8 23. Kf1 Kf8 24. Ke2 Bd6 25. Nd2 Bb7 26. h3 Nb8 27. Nb1 Ba6 28. Nc3 Bxd3+ 29. Kxd3 Nc6 30. Nb5 Be7 31. a3 Ke8 32. f3 Kd7 33. Nc3 Na5 34. Kc2 a6 35. Ne2 Bd6 36. e4 h5 37. Nc1 g6 38. Nd3 Nc6 39. b4 Ne7 40. e5 Bc7 41. g4 Bd8 42. Bc1 Nc6 43. Be3 f6 44. Kc3 fxe5 45. dxe5 Bc7 46. f4 hxg4 47. hxg4 Nd8 48. Kd4 Nc6+ 49. Kc3 Nd8 50. Kd4 1/2-1/2

[Event "Bundesliga 1213"]
[Site "Germany"]
[Date "2013.04.05"]
[Round "13.7"]
[White "Doeres, Hans Juergen"]
[Black "Thiede, Lars"]
[Result "1/2-1/2"]
[WhiteElo "2226"]
[BlackElo "2441"]
[PlyCount "76"]
[EventDate "2012.10.20"]
[EventType "team-tourn"]
[EventRounds "15"]
[EventCountry "GER"]
[SourceTitle "CBM 154"]
[Source "ChessBase"]
[SourceDate "2013.05.15"]
[SourceVersion "1"]
[SourceVersionDate "2013.05.15"]
[SourceQuality "1"]
[WhiteTeam "Forchheim"]
[BlackTeam "Berlin SF"]
[WhiteTeamCountry "GER"]
[BlackTeamCountry "GER"]

1. c4 Nf6 2. g3 g6 3. Bg2 Bg7 4. Nc3 0-0 5. e4 c5 6. Nge2 Nc6 7. 0-0 a6 8. d4 cxd4 9. Nxd4 Nxe4 10. Nxc6 Nxc3 11. Nxd8 Nxd1 12. Nxb7 Nxb2 13. Rb1 Bxb7 14. Bxb7 Ra7 15. Bd5 Na4 16. Be3 Rc7 17. Rb7 Rxb7 18. Bxb7 a5 19. Rd1 d6 20. Rd5 Bc3 21. c5 Nxc5 22. Bxc5 dxc5 23. Rxc5 Bb4 24. Rc8 Rxc8 25. Bxc8 Bc5 26. Kf1 Kg7 27. Ke2 Kf6 28. h3 Ke5 29. a4 g5 30. Kf3 h5 31. g4 h4 32. Bd7 e6 33. Kg2 Kf4 34. f3 Ke3 35. Be8 f5 36. gxf5 exf5 37. Bd7 Kf4 38. Bc8 Ba7 1/2-1/2

[Event "Bundesliga 1213"]
[Site "Germany"]
[Date "2012.11.11"]
[Round "4.5"]
[White "Ruck, Robert"]
[Black "Doeres, Hans Juergen"]
[Result "1-0"]
[WhiteElo "2567"]
[BlackElo "2226"]
[PlyCount "127"]
[EventDate "2012.10.20"]
[EventType "team-tourn"]
[EventRounds "15"]
[EventCountry "GER"]
[SourceTitle "CBM 151"]
[Source "ChessBase"]
[SourceDate "2012.11.13"]
[SourceVersion "1"]
[SourceVersionDate "2012.11.13"]
[SourceQuality "1"]
[WhiteTeam "Eppingen"]
[BlackTeam "Forchheim"]
[WhiteTeamCountry "GER"]
[BlackTeamCountry "GER"]

1. Nf3 Nf6 2. c4 c6 3. d4 d5 4. Nc3 a6 5. c5 Nbd7 6. Bf4 Nh5 7. g3 g6 8. Qd2 Nxf4 9. gxf4 Bg7 10. e3 Nf6 11. Bd3 Bf5 12. Bxf5 gxf5 13. Rg1 Kf8 14. Qc2 e6 15. 0-0-0 Ne4 16. Rg2 Nxc3 17. Qxc3 Bf6 18. Rdg1 Ke7 19. Ne1 Qc7 20. Nd3 Rad8 21. Qe1 Qb8 22. Qb4 Qc7 23. Qb3 Rdf8 24. Kb1 Kd8 25. Qd1 h5 26. Qf3 h4 27. Ne5 Kc8 28. Kc2 Kb8 29. Nd3 Kc8 30. h3 Qd8 31. b4 Qc7 32. Rb1 Rfg8 33. Rxg8+ Rxg8 34. Kd2 Qe7 35. a4 Kc7 36. Qd1 Qd7 37. Qc2 Ra8 38. Rb2 Kd8 39. Qb1 Ke7 40. Ke2 Qc7 41. b5 axb5 42. axb5 cxb5 43. Rxb5 Ra7 44. Qb4 Ke8 45. Rb6 Qd7 46. Kf3 Qe7 47. Rd6 Qc7 48. Qb5+ Ke7 49. Nb4 Ra5 50. Qb6 Qxb6 51. Rxb6 Ra1 52. Rxb7+ Ke8 53. Rb8+ Ke7 54. Nc6+ Kd7 55. Ne5+ Bxe5 56. fxe5 Rh1 57. Kg2 Rd1 58. Rh8 f4 59. Rxh4 fxe3 60. fxe3 Kc6 61. Rf4 Re1 62. h4 Rxe3 63. h5 Re2+ 64. Kg3 1-0

[Event "Bundesliga 1213"]
[Site "Germany"]
[Date "2012.10.20"]
[Round "1.7"]
[White "Hoffmann, Michael"]
[Black "Doeres, Hans Juergen"]
[Result "1-0"]
[WhiteElo "2474"]
[BlackElo "2226"]
[PlyCount "79"]
[EventDate "2012.10.20"]
[EventType "team-tourn"]
[EventRounds "15"]
[EventCountry "GER"]
[SourceTitle "CBM 151"]
[Source "ChessBase"]
[SourceDate "2012.11.13"]
[SourceVersion "1"]
[SourceVersionDate "2012.11.13"]
[SourceQuality "1"]
[WhiteTeam "Solingen"]
[BlackTeam "Forchheim"]
[WhiteTeamCountry "GER"]
[BlackTeamCountry "GER"]

1. c4 c6 2. e4 d5 3. exd5 cxd5 4. cxd5 Nf6 5. Nc3 Nxd5 6. Nf3 Nc6 7. Bb5 Nxc3 8. bxc3 Bd7 9. 0-0 e6 10. d4 Be7 11. Re1 0-0 12. Bd3 Re8 13. Rb1 Qc7 14. Ng5 Bxg5 15. Bxg5 Ne7 16. Qf3 Bc6 17. Qg4 Ng6 18. h4 f5 19. Qh3 Rac8 20. Qe3 h6 21. h5 hxg5 22. hxg6 Qf4 23. Qh3 Qh4 24. Qxh4 gxh4 25. Re3 b6 26. Rbe1 Bd5 27. Bxf5 Bxa2 28. Bxe6+ Rxe6 29. Rxe6 Bxe6 30. Rxe6 Kf8 31. Re3 Rc6 32. Rf3+ Kg8 33. Rh3 Rxg6 34. Rxh4 Rc6 35. Rh3 a5 36. Kf1 a4 37. Ke2 Kf7 38. Kd3 b5 39. Rh1 Ke6 40. Re1+ 1-0